<?xml version="1.0" encoding="UTF-8"?>
<resp>
  <nextPage>https://data.bn.org.pl/api/networks/bibs.marcxml?marc=001+b1000000637535&amp;sinceId=1000000637536</nextPage>
  <collection>
    <record xmlns='http://www.loc.gov/MARC21/slim'><leader>01637nkm a2200505 i 4500</leader><controlfield tag='001'>b1000000637535</controlfield><controlfield tag='005'>20260417094927.7</controlfield><controlfield tag='007'>kj#ao##</controlfield><controlfield tag='008'>200506s1825    fr nnn            anfre c</controlfield><controlfield tag='009'>9911493126305606</controlfield><datafield ind1=' ' ind2=' ' tag='035'><subfield code='a'>(PL)b1000000637535</subfield></datafield><datafield ind1=' ' ind2=' ' tag='040'><subfield code='a'>WA N</subfield><subfield code='c'>WA N</subfield><subfield code='d'>WA N</subfield></datafield><datafield ind1=' ' ind2=' ' tag='046'><subfield code='k'>1825?~</subfield><subfield code='2'>edtf</subfield></datafield><datafield ind1='0' ind2='0' tag='245'><subfield code='a'>Chapelier.</subfield></datafield><datafield ind1=' ' ind2=' ' tag='260'><subfield code='a'>[Paryż] :</subfield><subfield code='b'>lith. de Delpech,</subfield><subfield code='c'>[przed 1825?].</subfield></datafield><datafield ind1=' ' ind2=' ' tag='300'><subfield code='a'>1 grafika :</subfield><subfield code='b'>litografia ;</subfield><subfield code='c'>7,7x7,8 cm.</subfield></datafield><datafield ind1=' ' ind2=' ' tag='336'><subfield code='a'>Obraz</subfield><subfield code='b'>sti</subfield><subfield code='2'>rdacontent</subfield></datafield><datafield ind1=' ' ind2=' ' tag='337'><subfield code='a'>Bez urządzenia pośredniczącego</subfield><subfield code='b'>n</subfield><subfield code='2'>rdamedia</subfield></datafield><datafield ind1=' ' ind2=' ' tag='338'><subfield code='a'>Arkusz</subfield><subfield code='b'>nb</subfield><subfield code='2'>rdacarrier</subfield></datafield><datafield ind1=' ' ind2=' ' tag='380'><subfield code='a'>Grafiki</subfield></datafield><datafield ind1=' ' ind2=' ' tag='386'><subfield code='m'>Przynależność kulturowa</subfield><subfield code='a'>Grafika francuska</subfield></datafield><datafield ind1='1' ind2=' ' tag='388'><subfield code='a'>1801-1900</subfield></datafield><datafield ind1='1' ind2='7' tag='600'><subfield code='a'>Le Chapelier, Isaac-René-Guy</subfield><subfield code='d'>(1754-1794)</subfield><subfield code='2'>DBN</subfield></datafield><datafield ind1=' ' ind2='7' tag='648'><subfield code='a'>1701-1800</subfield><subfield code='2'>DBN</subfield></datafield><datafield ind1=' ' ind2='7' tag='650'><subfield code='a'>Prawnicy i prawniczki</subfield><subfield code='2'>DBN</subfield></datafield><datafield ind1=' ' ind2='7' tag='650'><subfield code='a'>Politycy i polityczki</subfield><subfield code='2'>DBN</subfield></datafield><datafield ind1=' ' ind2='7' tag='651'><subfield code='a'>Francja</subfield><subfield code='2'>DBN</subfield></datafield><datafield ind1=' ' ind2='7' tag='655'><subfield code='a'>Litografia</subfield><subfield code='2'>DBN</subfield></datafield><datafield ind1=' ' ind2='7' tag='655'><subfield code='a'>Portrety</subfield><subfield code='2'>DBN</subfield></datafield><datafield ind1='1' ind2=' ' tag='700'><subfield code='a'>Delpech, François-Séraphin</subfield><subfield code='d'>(1778-1825)</subfield><subfield code='e'>Wydawca</subfield></datafield><datafield ind1=' ' ind2=' ' tag='852'><subfield code='8'>22637508800005066</subfield><subfield code='j'>0</subfield><subfield code='h'>Neg.26273</subfield><subfield code='b'>BN_PL</subfield><subfield code='p'>888a0838754</subfield><subfield code='c'>bamf</subfield></datafield><datafield ind1=' ' ind2=' ' tag='852'><subfield code='8'>22637508830005066</subfield><subfield code='j'>1</subfield><subfield code='h'>G.35867/WAF.884</subfield><subfield code='b'>BN_PL</subfield><subfield code='p'>888a0838748</subfield><subfield code='c'>bikon</subfield></datafield><datafield ind1=' ' ind2=' ' tag='852'><subfield code='b'>48OMNIS_NLOP</subfield><subfield code='8'>991052714882505066</subfield></datafield><datafield ind1=' ' ind2=' ' tag='852'><subfield code='b'>48OMNIS_NETWORK</subfield><subfield code='8'>9911493126305606</subfield></datafield></record>
  </collection>
</resp>
